| 000 | 00475nam a2200181Ia 4500 | ||
|---|---|---|---|
| 008 | 240925s9999 xx 000 0 und d | ||
| 020 | _a8176357472 | ||
| 082 | _a004.6 JON | ||
| 100 | _aJames, Jones | ||
| 245 | 0 | _aExam Cram 2 CCNA | |
| 250 | _aNA | ||
| 260 |
_aNew Delhi: _bBPB Publication _c,2005. |
||
| 300 |
_ax,694p. _bNA _fOriginal |
||
| 500 | _aIncludes Index | ||
| 600 | _aComputer Science | ||
| 650 | _aComputer science, information & general works | ||
| 942 | _cBK | ||
| 999 |
_c9256 _d9256 |
||